|
|
|
|
| LEADER |
00000nam0a2200000 4500 |
| 001 |
163150 |
| 005 |
20231031160709.0 |
| 035 |
|
|
|a (RuTPU)RU\TPU\book\176985
|
| 090 |
|
|
|a 163150
|
| 100 |
|
|
|a 20090714d1978 m y0rusy50 ca
|
| 101 |
0 |
|
|a rus
|
| 102 |
|
|
|a RU
|
| 105 |
|
|
|a a z 001zy
|
| 200 |
1 |
|
|a Аэроакустические взаимодействия
|f А. С. Гиневский, Е. В. Власов, А. В. Колесников
|
| 210 |
|
|
|a Москва
|c Машиностроение
|d 1978
|
| 215 |
|
|
|a 176 с.
|c граф.
|
| 320 |
|
|
|a Библиогр.: с. 169-176.
|
| 610 |
1 |
|
|a авиационная акустика
|
| 610 |
1 |
|
|a акустические возмущения
|
| 610 |
1 |
|
|a источники
|
| 610 |
1 |
|
|a аэродинамические трубы
|
| 610 |
1 |
|
|a пограничный слой
|
| 675 |
|
|
|a 629.73.017
|v 3
|
| 700 |
|
1 |
|a Гиневский
|b А. С.
|g Арон Семенович
|
| 701 |
|
1 |
|a Власов
|b Е. В.
|g Евгений Владимирович
|
| 701 |
|
1 |
|a Колесников
|b А. В.
|g Александр Васильевич
|
| 801 |
|
1 |
|a RU
|b 63413507
|c 20090714
|g PSBO
|
| 801 |
|
2 |
|a RU
|b 63413507
|c 20091221
|g RCR
|
| 942 |
|
|
|c BK
|